Népélet és szexualitás
Elmentve itt :
| Szerző: | |
|---|---|
| Adatforrás: | Meister |
| Forrásdokumentuma: | Korunk. - 3 sz., 1992, 79-82 p. |
| Nyelv: | magyar |
| Kulcsszavak: | etnográfia szexualitás népi szexualitás Erdővidék |
| LEADER | 00415nab a2200157 i 4500 | ||
|---|---|---|---|
| 001 | bibPRO00000770 | ||
| 008 | 060524s1992 xx hun | ||
| 040 | |a Sz1 | ||
| 041 | |a hun | ||
| 100 | 1 | |a ZAKARIÁS Erzsébet | |
| 245 | 1 | 0 | |a Népélet és szexualitás |c ZAKARIÁS Erzsébet |
| 695 | |a etnográfia | ||
| 695 | |a szexualitás | ||
| 695 | |a népi szexualitás | ||
| 695 | |a Erdővidék | ||
| 773 | 0 | |t Korunk. - |g 3 sz., 1992, 79-82 p. | |